000
00234nam a22000857a 4500
008
160712b xxu||||| |||| 00| 0 eng d
100
_9
2658
_a
Chatterjee, S
245
_a
Read - Alowd Stories
260
_a
New Delhi
_b
Children Book Trust
_c
2003
999
_c
2311
_d
2311